| 000 | 01149nam a2200373 c 4500 | ||
|---|---|---|---|
| 999 |
_c51491 _d51491 |
||
| 001 | 51491 | ||
| 003 | ES-MaCES | ||
| 005 | 20200729104102.0 | ||
| 008 | 200728s2019 uk 000 | eng d | ||
| 020 | _a9781781256855 | ||
| 020 | _a9781782832744 (eISBN) | ||
| 040 |
_aES-MaCES _bspa _cES-MaCES |
||
| 100 | 1 |
_939702 _aZuboff, Shoshana |
|
| 245 | 1 | 4 |
_aThe age of surveillance Capitalism _b: the fight for a human future at the new frontier of power _cShoshana Zuboff |
| 250 | _a1st ed | ||
| 260 |
_aLondon _bProfile Books _c2019 |
||
| 300 |
_a691 p. _c20 cm |
||
| 500 | _aÍndices | ||
| 541 | _cCompra | ||
| 650 | 4 |
_acapitalismo _927116 |
|
| 650 | 4 |
_atecnología _928238 |
|
| 650 | 4 |
_atecnología de la información _930104 |
|
| 650 | 4 |
_aconsumidor _927902 |
|
| 650 | 4 |
_ademanda de consumo _927904 |
|
| 650 | 4 |
_acomportamiento del consumidor _927903 |
|
| 650 | 4 |
_asistema de valores _929392 |
|
| 650 | 4 |
_acontrol social _927287 |
|
| 650 | 4 |
_anuevo orden económico internacional _929223 |
|
| 650 | 4 |
_apoder político _927200 |
|
| 650 | 4 |
_afuturo _928901 |
|
| 653 | 1 | 0 | _aEconomía |
| 902 | _aLIB Libro | ||
| 942 |
_2CES _cBK _h0.0. |
||